000 00801nam a2200277Ia 4500
003 OSt
005 20220918170304.0
006 a|||||r|||| 00| 0
007 ta
008 220917b |||||||| |||| 00| 0 eng d
020 _a9780192836267
024 _a226,640
037 _cTextual
040 _aARTS
_cARTS
_beng
041 _2eng
_aeng
082 _aO142,3M21x, 111N9
100 _aDostoevsky Fyodor
245 0 _aNotes from the underground the gambler
260 _aNew York
_bOxford Unive. press USA
_c1999
300 _axxxviii, 284p
_ccm.
490 _aOxford world's classics
650 _aENGLISH LITERATURE
700 _a Kentish Jane Tr.
_928139
942 _hO142,3M21x, 111N9
_cTEXL
_2CC
999 _c133441
_d133441